Cenotvorba a cenové stratégie ako súčasť marketingu v konkrétnom podniku diplomová práca

Saved in:
Bibliographic Details
Main Author: Ivan, Marek
Corporate Author: Fakulta podnikového manažmentu EU. Katedra podnikovohospodárska
Other Authors: Kufelová, Iveta, 1970-
Format: Book
Language:Slovak
Published: Bratislava 2023
Tags: Add Tag
No Tags, Be the first to tag this record!

MARC

LEADER 00000nbm a2200000 4500
001 0293290
005 20240219145243.9
041 0 |a slo 
044 |a SK 
245 1 0 |a Cenotvorba a cenové stratégie ako súčasť marketingu v konkrétnom podniku  |b diplomová práca  |c Marek Ivan ; školiteľ: Iveta Kufelová 
264 1 |a Bratislava  |c 2023 
300 |a 68 s. 
100 1 |a Ivan, Marek 
700 1 |a Kufelová, Iveta, 1970- 
710 2 |a Fakulta podnikového manažmentu EU. Katedra podnikovohospodárska